| 000 | 00629nam a2200253Ia 4500 | ||
|---|---|---|---|
| 008 | 171025s9999 xx 000 0 und d | ||
| 020 | _a425199096 | ||
| 050 | _a920 | ||
| 050 | _bB493 2003 | ||
| 100 | _aBerg, Scott A. | ||
| 245 | _aKate remembered / | ||
| 245 | _cby Scott A. Berg. | ||
| 260 | _aNew York : | ||
| 260 | _bBerkley, | ||
| 260 | _c2003 | ||
| 300 | _axii, 370 pages : | ||
| 300 | _billustrations ; | ||
| 300 | _c21cm. | ||
| 650 | _aHepburn, Katherine, -- | ||
| 650 | _aMotion picture actors and actresses -- United States -- | ||
| 650 | _x1907-2003. | ||
| 650 | _xBiography. | ||
| 700 | _aTitle. | ||
| 999 |
_c344618 _d344618 |
||